000 00610nam a2200241Ia 4500
003 OSt
005 20220924145453.0
006 a|||||r|||| 00| 0
007 ta
008 220923b |||||||| |||| 00| 0 tam d
020 _c16.00
024 _a328911
037 _cTextual
040 _aARTS
_cARTS
_btam
041 _2tam
_atam
082 _aDelta:864, 35M3
100 _aRao Ramalingeswara Au.
_9219847
245 0 _aChakrevolaraman
260 _c1983
650 _aSPIRurdALISM
942 _hDelta:864, 35M3
_cTEXL
_2CC
999 _c460223
_d460223